000 00726cam a22002653a 4500
001 1726
003 PGUSA
005 20140828083005.0
008 990401s1999||||xxu|||||s|||||000 | eng d
040 _aPGUSA
_beng
042 _adc
050 4 _aPA
100 1 _aPlato,
_d-428--348
245 1 0 _aTheaetetus
_h[electronic resource] /
_cPlato
260 _bProject Gutenberg,
_c1999
500 _aSocrates
506 _aPublic domain in the USA.
516 _aElectronic text
653 _aKnowledge, Theory of -- Early works to 1800
653 _aClassical literature
700 1 _aJowett, Benjamin,
_d1817-1893
830 0 _aProject Gutenberg
_v1726
856 4 0 _uhttp://www.gutenberg.org/ebooks/1726
942 _cEB
999 _c231072
_d231072